MARC details
| 000 -LEADER |
| fixed length control field |
02826cam a2200385 i 4500 |
| 001 - CONTROL NUMBER |
| control field |
21488978 |
| 003 - CONTROL NUMBER IDENTIFIER |
| control field |
GZU |
| 005 - DATE AND TIME OF LATEST TRANSACTION |
| control field |
20210912122232.0 |
| 008 - FIXED-LENGTH DATA ELEMENTS--GENERAL INFORMATION |
| fixed length control field |
200403s2019 rh b 000 0 eng d |
| 010 ## - LIBRARY OF CONGRESS CONTROL NUMBER |
| LC control number |
2020337065 |
| 020 ## - INTERNATIONAL STANDARD BOOK NUMBER |
| International Standard Book Number |
9781779223487 |
| Qualifying information |
(paperback) |
| 020 ## - INTERNATIONAL STANDARD BOOK NUMBER |
| International Standard Book Number |
177922348X |
| Qualifying information |
(paperback) |
| 020 ## - INTERNATIONAL STANDARD BOOK NUMBER |
| Canceled/invalid ISBN |
9781779223494 |
| Qualifying information |
(e-Pub) |
| 035 ## - SYSTEM CONTROL NUMBER |
| System control number |
(OCoLC)on1143021634 |
| 040 ## - CATALOGING SOURCE |
| Original cataloging agency |
OI@ |
| Language of cataloging |
eng |
| Transcribing agency |
OI@ |
| Description conventions |
rda |
| Modifying agency |
DLC |
| 042 ## - AUTHENTICATION CODE |
| Authentication code |
lccopycat |
| -- |
lcode |
| 043 ## - GEOGRAPHIC AREA CODE |
| Geographic area code |
f-rh--- |
| 050 00 - LIBRARY OF CONGRESS CALL NUMBER |
| Classification number |
PR9390.5 |
| Item number |
.WIN 2019 |
| 245 00 - TITLE STATEMENT |
| Title |
Windows into Zimbabwe : |
| Remainder of title |
an anthology of short stories / |
| Statement of responsibility, etc. |
compiled and introduced by Franziska Kramer and Jürgen Kramer. |
| 264 #1 - PRODUCTION, PUBLICATION, DISTRIBUTION, MANUFACTURE, AND COPYRIGHT NOTICE |
| Place of production, publication, distribution, manufacture |
Avondale, Harare : |
| Name of producer, publisher, distributor, manufacturer |
Weaver Press, |
| Date of production, publication, distribution, manufacture, or copyright notice |
2019. |
| 300 ## - PHYSICAL DESCRIPTION |
| Extent |
xxxv, 284 pages ; |
| Dimensions |
21 cm |
| 336 ## - CONTENT TYPE |
| Content type term |
text |
| Content type code |
txt |
| Source |
rdacontent |
| 337 ## - MEDIA TYPE |
| Media type term |
unmediated |
| Media type code |
n |
| Source |
rdamedia |
| 338 ## - CARRIER TYPE |
| Carrier type term |
volume |
| Carrier type code |
nc |
| Source |
rdacarrier |
| 504 ## - BIBLIOGRAPHY, ETC. NOTE |
| Bibliography, etc. note |
Includes bibliographical references. |
| 505 00 - FORMATTED CONTENTS NOTE |
| Title |
Queues dress / |
| Statement of responsibility |
Shimmer Chinodya -- |
| Title |
Fancy dress / |
| Statement of responsibility |
Alexander Fuller -- |
| Title |
That special place / |
| Statement of responsibility |
Freedom Nyamubaya -- |
| Title |
Torn posters / |
| -- |
Gugu Ndlovu -- |
| -- |
When the moon stares / |
| Statement of responsibility |
Christopher Mlalazi -- |
| Title |
The trek / |
| Statement of responsibility |
Lawrence Hoba -- |
| Title |
Sins of the fathers / |
| Statement of responsibility |
Charles Mugoshi -- Trespassers / |
| -- |
Chiedza Musengezi -- |
| Title |
Mainini Grace's promise / |
| Statement of responsibility |
Valerie Tagwira -- |
| Title |
Message in a bottle / |
| Statement of responsibility |
Isabella Matambanadzo -- |
| Title |
Gold digger / |
| -- |
Albert Gumbo -- |
| -- |
A land of starving millionaires / |
| Statement of responsibility |
Erasmus R. Chinyani -- |
| Title |
The donor's visit / |
| -- |
Sekai Nzenza -- |
| -- |
The rainbow cardigan / |
| Statement of responsibility |
John Eppel -- |
| Title |
The Mupandawana dancing champion / |
| Statement of responsibility |
Petina Gappah -- |
| Title |
Moria's interview / |
| Statement of responsibility |
Julius Chingono -- |
| Title |
Dinner time / |
| Statement of responsibility |
Bongani Sibanda -- |
| Title |
The letter / |
| -- |
Farai Mpofu -- |
| -- |
Shamisos / |
| -- |
NoViolet Bulawayo -- |
| -- |
A secret sin / |
| -- |
Daniel Mandishona -- |
| -- |
Seventh street alchemy / |
| Statement of responsibility |
Brian Chikwana -- |
| Title |
The General's gun / |
| -- |
Jonathan Brakarsh -- |
| -- |
The Grim reaper's car / |
| -- |
Nevanji Madanhire. |
| 520 ## - SUMMARY, ETC. |
| Summary, etc. |
"Over the past fifteen years, Weaver Press has published seven anthologies of some one hundred short stories giving voice to new and established Zimbabwean writers. In Windows into Zimbabwe Franziska Kramer and Jürgen Kramer have selected from these anthologies twenty-three stories, which they consider the best or most representative of a particular period in the Zimbabwean narrative since 1980. They present the stories within sections which frame certain themes such as Independence, Gukurahundi, Land, Gender Relations, Money Matters, Social Relations, Exile and Resilience"--Page 4 of cover. |
| 650 #0 - SUBJECT ADDED ENTRY--TOPICAL TERM |
| Topical term or geographic name entry element |
Short stories, Zimbabwean (English) |
| 651 #0 - SUBJECT ADDED ENTRY--GEOGRAPHIC NAME |
| Geographic name |
Zimbabwe |
| Form subdivision |
Fiction. |
| 700 1# - ADDED ENTRY--PERSONAL NAME |
| Personal name |
Krämer, Franziska, |
| Relator term |
compiler. |
| 700 1# - ADDED ENTRY--PERSONAL NAME |
| Personal name |
Kramer, Jürgen, |
| Relator term |
compiler. |
| 906 ## - LOCAL DATA ELEMENT F, LDF (RLIN) |
| a |
7 |
| b |
cbc |
| c |
copycat |
| d |
3 |
| e |
ncip |
| f |
20 |
| g |
y-gencatlg |
| 942 ## - ADDED ENTRY ELEMENTS (KOHA) |
| Source of classification or shelving scheme |
Library of Congress Classification |
| Koha item type |
Books |
| Classification part |
9390.5 |
| Item part |
WIN |
| Call number prefix |
PR |